00732 2200253 4500001002100000005001700021008004100038020001800079035002400097082001300121090002000134100002200154245010100176250001100277260004100288300002500329500003100354500001100385650002600396850001500422980001300437986001300450999001500463YOGYA-0209000001689120090227022709.0 ind  a979-444-381-6 0010-020900000016891 a591.0724 a591.0724bVan H aVANCLEAVE, Janice aHewan berbagai percobaan menakjubkan yang dapat dijadikan peoyrk pameran sainscJanice Vancleave aCet. 1 aJakartabPustaka Utama Grafitic1996 a112 hlmbilusc21 cm aBibliografi : hlm. 107-109 aIndeks aBinatang - Penelitian aYOPDYOG(B) a05-12-05 afwhRTREV a97P0097933